000 00625nam a22002177a 4500
003 UA-OsUOA
001 42062
007 ta
008 20081118b un ||||| |||| 00| 0 ukr d
090 _a061
_bЗ-14
942 _cBR
040 _aUA-OsUOA
_bukr
_cUA-OsUOA
_dUA-OsUOA
245 _aЗагальний всеканадійський з'їзд Союзу Українців Самостійників
_b29-31 серпня 1-3 вересня, 1973
300 _a14 с.
955 _a4
041 _aukr
080 _a061
260 _aВінніпег
650 7 _a0 Загальний відділ.
_2UDC
999 _c440563
_d440563